| 000 | 00461nam a2200193Ia 4500 | ||
|---|---|---|---|
| 003 | 0100 | ||
| 008 | 130303s9999 xx 000 0 und d | ||
| 040 | _cARRUPELIB | ||
| 050 | _aBH221.G34K 1958 | ||
| 100 | _aKnox , Israel | ||
| 245 | 4 | _aThe Aesthetic theories of Kant, Hegel, and Schopenhauer | |
| 260 | _aLondon | ||
| 260 | _bThames and Hudson | ||
| 260 | _C1958 | ||
| 300 | _axi | ||
| 300 | _b 219p. 23cm. | ||
| 650 | _aPSYCHOLOGY | ||
| 942 | 0 | 0 | _01 |
| 999 |
_c48522 _d48522 |
||